XXV años de paz : realizaciones efectuadas por la Diputación Provincial de Barcelona durante los años 1939-1964 realizaciones efectuadas por la Diputación Provincial de Barcelona durante los años 1939-1964
Descripción Física:
455 p. : il., [10] f. pleg. ; 28 cm
MARC
| LEADER | 00000nam a2200000Ia 4500 | ||
|---|---|---|---|
| 001 | 11290 | ||
| 008 | 160829s9999 xx 000 0 cat d | ||
| 080 | |a H-1-281 | ||
| 110 | 1 | |a Barcelona (Catalunya : Província). |b Diputació |9 52408 | |
| 245 | |a XXV años de paz : |b realizaciones efectuadas por la Diputación Provincial de Barcelona durante los años 1939-1964 | ||
| 260 | |a Barcelona : |b [Diputació], DL 1965 | ||
| 300 | |a 455 p. : |b il., [10] f. pleg. ; |c 28 cm | ||
| 590 | |a Hi ha un duplicat : DUP-2 | ||
| 650 | 0 | |a Barcelona (Catalunya : Província). Diputació |x Memòries |9 23006 | |
| 901 | |a Arxiu | ||
| 942 | |n 1 | ||
| 952 | |0 0 |1 0 |4 0 |6 H1281 |7 1 |9 42458 |a Arxiu |b Arxiu |d 2016-12-01 |l 0 |o H-1-281 |p 11290 |r 2016-12-01 00:00:00 |w 2016-12-01 |y ARXIU | ||
| 999 | |c 44963 |d 44963 | ||